000 01570nam a2200325 c 4500
003 BLK
005 20250604150031.0
008 180411b bul|||||r ||||||| ||bul||
010 _aKNG00197668000
040 _aBLK
041 _aBUL
_cBUL
080 _aФренска литература
_b821.133.1
_x(081)
_z821.133.1(081)
080 _aФренска литература
_b821.133.1
_x-8
_z821.133.1-8
100 1 _aФлобер, Гюстав
_eпърви автор
_9134422
700 _aТашева, Росица Борисова
_d1946 -
_gПреводач от френски и английски език.
_9366084
139 _aФлобер, Гюстав
_bФ 63
245 1 0 _aИзбрани творби
_bВ 4 т. За том: Роман
_cГюстав Флобер; прев. на том Росица Борисова Ташева.
_nТ. 4
_pБувар и Пекюше
257 _aFRA
260 София
_bНар. култура
_c1984 -
_fВ. Търново : Д. Найденов
300 _c21 см
380 _aX
505 _gПисма
_r
_tРечник на готовите истини
760 1 _aФлобер, Гюстав
_dВарна, 1985
_h563 с.
_nОриг. загл. Bouvard et Pecuchet ; Dictionnaire des idees recues ; Correspondance / Gustave Flaubert .
_tТ. 4 Бувар и Пекюше
852 _aЦб 125967
856 4 _qpdf
_u
856 4 _qpdf
_u
942 _cKNG
_n0
_02
944 _aCR
_c09.12.2016
_k30560
_lГеновева Генчева
944 _aED
_c09.12.2016
_kСилвестър_Спасов
999 _c188649
_d188649